00336nam a2200133 a 45000010010000000030011000100080041000210350026000620820014000881000022001022450023001242600047001476500008001940000-8756ELIB.Books110520 1980  a(ELIB.Books)0000-8902 a231 bHen aHendry, George S. aTheology of Nature bPhiladelphia: The Westminster Press c1980 aGod